It's a playboy world / (Record no. 9421)
[ view plain ]
| 000 -LEADER | |
|---|---|
| fixed length control field | 01024nam a2200313 4500 |
| 001 - CONTROL NUMBER | |
| control field | 46512 |
| 003 - CONTROL NUMBER IDENTIFIER | |
| control field | OSt |
| 005 - DATE AND TIME OF LATEST TRANSACTION | |
| control field | 20210113163740.0 |
| 008 - FIXED-LENGTH DATA ELEMENTS--GENERAL INFORMATION | |
| fixed length control field | 691204s1969 nju |000 0 eng |
| 010 ## - LIBRARY OF CONGRESS CONTROL NUMBER | |
| LC control number | 70085305 |
| 020 ## - INTERNATIONAL STANDARD BOOK NUMBER | |
| Terms of availability | 3.50 |
| 035 01 - SYSTEM CONTROL NUMBER | |
| System control number | 57299 |
| 040 ## - CATALOGING SOURCE | |
| Original cataloging agency | DLC |
| Language of cataloging | eng |
| Description conventions | rda |
| Transcribing agency | DLC |
| Modifying agency | MAL |
| 050 0# - LIBRARY OF CONGRESS CALL NUMBER | |
| Classification number | BJ1491 |
| Item number | .B3 |
| 082 ## - DEWEY DECIMAL CLASSIFICATION NUMBER | |
| Classification number | 171.4 |
| 092 ## - LOCALLY ASSIGNED DEWEY CALL NUMBER (OCLC) | |
| Classification number | 170 |
| Item number | B22 |
| 100 1# - MAIN ENTRY--PERSONAL NAME | |
| Personal name | Banowsky, William Slater. |
| Authority record control number or standard number | http://id.loc.gov/authorities/names/n82024891 |
| 245 10 - TITLE STATEMENT | |
| Title | It's a playboy world / |
| Statement of responsibility, etc. | William S. Banowsky. |
| 264 #1 - PRODUCTION, PUBLICATION, DISTRIBUTION, MANUFACTURE, AND COPYRIGHT NOTICE | |
| Place of production, publication, distribution, manufacture | Old Tappan, N.J. : |
| Name of producer, publisher, distributor, manufacturer | F. H. Revell Co., |
| Date of production, publication, distribution, manufacture, or copyright notice | [1969] |
| 264 #4 - PRODUCTION, PUBLICATION, DISTRIBUTION, MANUFACTURE, AND COPYRIGHT NOTICE | |
| Date of production, publication, distribution, manufacture, or copyright notice | [©1969] |
| 300 ## - PHYSICAL DESCRIPTION | |
| Extent | 126 pages ; |
| Dimensions | 22 cm |
| 336 ## - CONTENT TYPE | |
| Content type term | text |
| Content type code | txt |
| Source | rdacontent |
| 337 ## - MEDIA TYPE | |
| Media type term | unmediated |
| Media type code | n |
| Source | rdamedia |
| 338 ## - CARRIER TYPE | |
| Carrier type term | volume |
| Carrier type code | nc |
| Source | rdacarrier |
| 650 #0 - SUBJECT ADDED ENTRY--TOPICAL TERM | |
| Topical term or geographic name entry element | Hedonism. |
| Authority record control number or standard number | http://id.loc.gov/authorities/subjects/sh85059918 |
| 650 #0 - SUBJECT ADDED ENTRY--TOPICAL TERM | |
| Topical term or geographic name entry element | Sexual ethics. |
| Authority record control number or standard number | http://id.loc.gov/authorities/subjects/sh85120731 |
| 651 #0 - SUBJECT ADDED ENTRY--GEOGRAPHIC NAME | |
| Geographic name | United States |
| General subdivision | Moral conditions. |
| Authority record control number or standard number | http://id.loc.gov/authorities/subjects/sh85140383 |
| 942 ## - ADDED ENTRY ELEMENTS (KOHA) | |
| Source of classification or shelving scheme | Dewey Decimal Classification |
| Koha item type | Books |
No items available.
